Modely oceňovania opcií
Cena opcie – opčná prémia. Hodnota opcie. Vývoj časovej hodnoty opcie. Praktický príklad.
Salvato in:
| Autore principale: | |
|---|---|
| Natura: | Capitolo di libro |
| Lingua: | slovacco |
| Soggetti: | |
| Tags: |
Nessun Tag, puoi essere il primo ad aggiungerne!!
|
MARC
| LEADER | 00000nla$a2200000$$$4500 | ||
|---|---|---|---|
| 001 | 0050118 | ||
| 005 | 20231121080757.4 | ||
| 041 | 0 | |a slo | |
| 044 | |a SK | ||
| 245 | 1 | 0 | |a Modely oceňovania opcií |c Valér Demjan |
| 520 | |a Cena opcie – opčná prémia. Hodnota opcie. Vývoj časovej hodnoty opcie. Praktický príklad. | ||
| 610 | 2 | 0 | |a ceny |
| 610 | 2 | 0 | |a pojmy |
| 610 | 2 | 0 | |a aktíva |
| 610 | 2 | 0 | |a nástroje finančné |
| 610 | 2 | 0 | |a opcie |
| 610 | 2 | 0 | |a hodnota |
| 100 | 1 | |a Demjan, Valér | |